Handbook of Indian History (Record no. 5052)

MARC details
000 -LEADER
fixed length control field 00436cam a2200181ua 4500
008 - FIXED-LENGTH DATA ELEMENTS--GENERAL INFORMATION
fixed length control field 131026n ii |||gr||||Z||||||eng
040 ## - CATALOGING SOURCE
Transcribing agency MAIN
082 ## - DEWEY DECIMAL CLASSIFICATION NUMBER
Classification number 954
245 ## - TITLE STATEMENT
Title Handbook of Indian History
260 ## - PUBLICATION, DISTRIBUTION, ETC.
Place of publication, distribution, etc. Calcutta:
Name of publisher, distributor, etc. Dass Publishing Concern,
Date of publication, distribution, etc. 1986.
300 ## - PHYSICAL DESCRIPTION
Extent ii,135p.
700 ## - ADDED ENTRY--PERSONAL NAME
Personal name Sen,
Relator term
700 1# - ADDED ENTRY--PERSONAL NAME
Personal name Das,
Relator term
942 ## - ADDED ENTRY ELEMENTS (KOHA)
Koha item type Books
653 ## - INDEX TERM--UNCONTROLLED
Uncontrolled term History
653 ## - INDEX TERM--UNCONTROLLED
Uncontrolled term Handbook of Indian History
Holdings
Withdrawn status Lost status Damaged status Not for loan Home library Current library Shelving location Date acquired Total Checkouts Full call number Barcode Date last seen Copy number Price effective from Koha item type
        Central Library, Naharkatiya College Central Library, Naharkatiya College General Stacks 19/09/2020   954 | HAN 4180 19/09/2020 1 19/09/2020 Books

Naharkatiya College © 2020. All rights reserved.

Powered By